000 00818nam a2200217Ia 4500
001 14195
005 20260323112149.0
008 260306t2020||||xx |||||||||||||| ||spa||
041 _aESP
082 _a510
_bT96
100 _aTussy, Alan S.
_eAUT
245 0 _aMatemáticas básicas
260 _c2020
300 _avarias paginaciones :
_c27 cm.
650 _aGEN
654 _aCMA
856 _uhttps://itmsp.museknowledge.com/UCSP?url=https://www.ebooks7-24.com:443/?il=10761&pg=1
_zVersión digital
856 _uhttps://0u213tovv-y-https-ebooks7--24-com.itmsp.museknowledge.com/biblioteca.aspx
_zVéase además: Base de datos Ebook7-24
856 _uhttps://0u20ftov2-y-https-research-ebsco-com.itmsp.museknowledge.com/c/qxo6us/search
_zVéase además: Base de datos EBSCOhost
942 _cLIB
_dJUS
_fJUS
_2ddc
999 _c14195
_d14195